Saragosse dans les relations franco-spagnoles au moyen age / (Record no. 52840)

MARC details
000 -LEADER
campo de control de longitud fija 00558nam a2200169 i 4500
001 - NÚMERO DE CONTROL
campo de control 52840
003 - IDENTIFICADOR DE NÚMERO DE CONTROL
campo de control ES-MaACL
005 - FECHA Y HORA DE LA ÚLTIMA TRANSACCIÓN
campo de control 20230906162645.0
007 - CAMPO FIJO DE DESCRIPCIÓN FÍSICA--INFORMACIÓN GENERAL
campo de control de longitud fija t|
008 - DATOS DE LONGITUD FIJA--INFORMACIÓN GENERAL
campo de control de longitud fija 030905s1946 sp ||||1| spa d
100 1# - ENTRADA PRINCIPAL--NOMBRE DE PERSONA
Nombre de persona Defourneaux, Marcelin.
9 (RLIN) 43209
245 10 - MENCIÓN DEL TÍTULO
Título Saragosse dans les relations franco-spagnoles au moyen age /
Mención de responsabilidad, etc. Marcelin Defourneaux.
260 ## - PUBLICACIÓN, DISTRIBUCIÓN, ETC.
Lugar de publicación, distribución, etc. Zaragoza :
Nombre del editor, distribuidor, etc. Secretariado de Publicaciones,
Fecha de publicación, distribución, etc. 1946 (
Fabricante La Académica)
300 ## - DESCRIPCIÓN FÍSICA
Extensión 10 p. ;
Dimensiones 24 cm.
500 ## - NOTA GENERAL
Nota general Es separata de: Revista Universidad, nº 1, 1946.
852 ## - LOCALIZACIÓN
Ubicación ES-MaACL
Número de control de estantería 1863-F-30
Holdings
Estatus retirado Estado de pérdida Estado de daño No para préstamo Colección Biblioteca de origen Biblioteca actual Ubicación en estantería Fecha de adquisición Fuente de adquisición Total de préstamos Signatura topográfica completa Código de barras Visto por última vez Precio de reemplazo Tipo de ítem Koha
        Colección de folletos Biblioteca del Ateneo de Madrid Biblioteca del Ateneo de Madrid Depósito folletos 17/01/2008     1863-F-30 1055532 23/02/2023 23/02/2023 Folleto